Fast Food General Knowledge-Tile Select - Statistics

General Stats
  • This quiz has been taken 42 times
  • The average score is 31 of 45
Answer Stats
Question Tile Select % Correct
That Primarily Serves MEXICAN Food Taco Bell Yes
100%
That Primarily Serves MEXICAN Food Church's Chicken No
97%
That Primarily Serves MEXICAN Food Five Guys No
97%
That Primarily Serves MEXICAN Food White Castle No
97%
That Primarily Serves MEXICAN Food Bojangle's No
95%
That Primarily Serves MEXICAN Food Chipotle Yes
95%
That Serve Primarily CHICKEN Chick-Fil-A Yes
92%
That Serve Primarily CHICKEN Sonic No
92%
That Primarily Serves MEXICAN Food Del Taco Yes
90%
That Serve Primarily CHICKEN McAllisters Deli No
90%
That Serve Primarily CHICKEN KFC Yes
87%
Among The Top 20 Most Popular Fast Food Restaurants* McDonalds Yes
87%
That Serve Primarily CHICKEN Popeye's Yes
87%
That Serve CRINKLE FRIES Subway No
87%
That Serve Primarily CHICKEN Culver's No
85%
Among The Top 20 Most Popular Fast Food Restaurants* Popeye's Yes
77%
That Serve Primarily CHICKEN Jack In The Box No
74%
Among The Top 20 Most Popular Fast Food Restaurants* Rally's No
74%
That Have Locations In TEXAS Whataburger Yes
72%
That Primarily Serves MEXICAN Food Qdoba Yes
69%
That Serve CRINKLE FRIES Burger King No
67%
Among The Top 20 Most Popular Fast Food Restaurants* Jersey Mike's No
67%
Among The Top 20 Most Popular Fast Food Restaurants* Zaxby's No
67%
That Have Locations In TEXAS Dairy Queen Yes
64%
That Have Locations In TEXAS Tim Horton's No
64%
That Serve CRINKLE FRIES Dairy Queen No
62%
That Serve Primarily CHICKEN El Pollo Loco Yes
62%
That Have Locations In TEXAS Panda Express Yes
62%
Among The Top 20 Most Popular Fast Food Restaurants* Panda Express Yes
62%
That Serve CRINKLE FRIES Culver's Yes
59%
That Serve CRINKLE FRIES Raising Cane's Yes
59%
That Serve CRINKLE FRIES Shake Shack Yes
59%
That Serve CRINKLE FRIES Wendy's No
59%
Among The Top 20 Most Popular Fast Food Restaurants* Jack In The Box Yes
56%
That Have Locations In TEXAS Wingstop Yes
56%
That Have Locations In TEXAS Culver's Yes
49%
That Have Locations In TEXAS Raising Cane's Yes
49%
That Have Locations In TEXAS Hardee's No
44%
That Primarily Serves MEXICAN Food Moes Yes
44%
That Serve Primarily CHICKEN Zaxby's Yes
44%
That Serve CRINKLE FRIES Church's Chicken Yes
38%
Among The Top 20 Most Popular Fast Food Restaurants* Panera Yes
38%
That Serve CRINKLE FRIES White Castle Yes
38%
That Have Locations In TEXAS Marco's Pizza Yes
33%
Among The Top 20 Most Popular Fast Food Restaurants* Five Guys No
31%
No matching quizzes found
Score Distribution
Percent of People with Each Score
Percentile by Number Answered
Your Score History
You have not taken this quiz